Mestizos y mulatos en Costa Rica un vistazo a sus redes de sociabilidad, 1690-1821
Salvato in:
| Autore principale: | |
|---|---|
| Natura: | Sconosciuto |
| Lingua: | Spanish |
| Pubblicazione: |
San José, Costa Rica
Editorial de la Universidad de Costa Rica
2014
|
| Serie: | Colección nueva historia
|
| Tags: |
Aggiungi Tag
Nessun Tag, puoi essere il primo ad aggiungerne!!
|
MARC
| LEADER | 00000 a2200000 4500 | ||
|---|---|---|---|
| 008 | 140317s2014 c a|||f |||| 000 0 spa d | ||
| 082 | |a 907.207.28 P742p | ||
| 100 | 1 | |a Acuña León, María de los Ángeles | |
| 245 | |a Mestizos y mulatos en Costa Rica |b un vistazo a sus redes de sociabilidad, 1690-1821 |c María de los Ángeles Acuña León | ||
| 260 | |a San José, Costa Rica |b Editorial de la Universidad de Costa Rica |c 2014 | ||
| 300 | |a 146-173 páginas | ||
| 490 | 0 | |a Colección nueva historia | |
| 773 | 0 | |d San José, Costa Rica Editorial de la Universidad de Costa Rica |z 9789968464048 |t Poder, economía y relaciones sociales en el Reino de Guatemala | |
| 942 | |2 ddc |c AM | ||
| 999 | |c 3238 |d 3238 | ||



